El pensamiento socio-político de Chávez: discurso, poder e historia (1998-2009) /
En el texto se aborda el tema del estudio del discurso político en el pensamiento del presidente de Venezuela, Hugo Chávez. El estudio del discurso se hace desde una mirada multidisciplinaria, por una parte haciendo uso del Análisis Crítico del Discurso, por otra, aproximándose desde el campo de la...
Salvato in:
| Autore principale: | |
|---|---|
| Altri autori: | |
| Natura: | testo |
| Soggetti: | |
| Tags: |
Aggiungi Tag
Nessun Tag, puoi essere il primo ad aggiungerne!!
|
MARC
| LEADER | 00000 a a2200000 04500 | ||
|---|---|---|---|
| 001 | 43368 | ||
| 003 | |||
| 040 | |||
| 100 | |a Romero, Juan Eduardo | ||
| 245 | |a El pensamiento socio-político de Chávez: |b discurso, poder e historia (1998-2009) / |c Juan Eduardo Romero ; Yessica Quiñónez | ||
| 500 | |a juane1208@gmail.com | ||
| 520 | |a En el texto se aborda el tema del estudio del discurso político en el pensamiento del presidente de Venezuela, Hugo Chávez. El estudio del discurso se hace desde una mirada multidisciplinaria, por una parte haciendo uso del Análisis Crítico del Discurso, por otra, aproximándose desde el campo de la filosofía política, y por último desde el enfoque de la sociología histórica. | ||
| 590 | |a RRH/OCTUBRE2012 | ||
| 650 | |a DISCURSO | ||
| 650 | |a POLITICA | ||
| 650 | |a DEMOCRACIA | ||
| 650 | |a HISTORIA | ||
| 650 | |a SOCIOLOGIA | ||
| 650 | |a VENEZUELA | ||
| 700 | |a Quiñónez, Yessica | ||
| 773 | |g volumen20, número3 (2011), páginas 519-536 | ||
| 999 | |c 24011 |d 24011 | ||
